000 00357nam a2200133Ia 4500
005 20260326235457.0
008 260326s9999||||xx |||||||||||||| ||und||
100 _aGómez Posada, Carlos Alberto
245 0 _aLa Historia de la ventana /
_cCarlos Alberto Gómez Posada
260 _bPeldar
300 _a16 p.
650 _aARQUITECTURA INTERIOR
942 _cBK
999 _c7966
_d7966